Ceramic armor and armor systems : proceedings of the Ceramic Armor and Armor Systems Symposium held at the 105th Annual Meeting of the American Ceramic Society, April 27-30, 2003 in Nashville, Tennessee /

This volume includes the latest achievements in the area of ceramic armor systems including ceramic armor design and modeling, ceramic armor materials and composites development and manufacturing, physical properties and structures of armor ceramics, fracture mechanisms of armor ceramics and composi...

Full description

Bibliographic Details
Corporate Authors: Ceramic Armor and Armor Systems Symposium, American Ceramic Society Meeting
Other Authors: Medvedovski, Eugene
Format: Conference Proceeding eBook
Language:English
Language Notes:English.
Published: Westerville, Ohio : American Ceramic Society, ©2003.
Series:Ceramic transactions ; v. 151.
Subjects:
Online Access:Connect to the full text of this electronic book

MARC

Tag First Indicator Second Indicator Subfields
LEADER 00000nam a2200000 a 4500
001 in00004679913
006 m o d
007 cr cnu---unuuu
008 120621s2003 ohua ob 101 0 eng d
005 20260214232944.7
010 |z  2004301734 
020 |a 9781118406809  |q (electronic bk.) 
020 |a 111840680X  |q (electronic bk.) 
020 |a 9781118406793  |q (electronic bk.) 
020 |a 1118406796  |q (electronic bk.) 
020 |z 1574982060 
020 |z 9781574982060 
020 |a 1283542617 
020 |a 9781283542616 
020 |a 9786613855060 
020 |a 6613855065 
035 |a wil6007436 
035 |a (NhCcYBP)wil6007436 
040 |a NhCcYBP  |b eng  |c NhCcYBP 
050 4 |a TA455.C43  |b C33 2003 
072 7 |a TEC  |x 021000  |2 bisacsh 
082 0 4 |a 620.1/4  |2 22 
245 0 0 |a Ceramic armor and armor systems :  |b proceedings of the Ceramic Armor and Armor Systems Symposium held at the 105th Annual Meeting of the American Ceramic Society, April 27-30, 2003 in Nashville, Tennessee /  |c edited by Eugene Medvedovski. 
260 |a Westerville, Ohio :  |b American Ceramic Society,  |c ©2003. 
300 |a 1 online resource (viii, 188 pages) :  |b illustrations (some color) 
336 |a text  |b txt  |2 rdacontent 
337 |a computer  |b c  |2 rdamedia 
338 |a online resource  |b cr  |2 rdacarrier 
490 1 |a Ceramic transactions ;  |v v. 151 
505 0 |a Front Matter -- Ceramic Armor Materials Development. Lightweight Ballistic Structures Made of Ceramic and Cermet / Aramide Composites / R Gadow, K von Niessen -- Silicon Carbide-Based Ceramics for Ballistic Protection / Eugene Medvedovski -- Toughness-Hardness Trade-Off in Advanced SiC Armor / Marc Flinders, Darin Ray, Raymond A Cutler -- Development of a Pressureless Sintered Silicon Carbide Monolith and Special-Shaped Silicon Carbide Whisker Reinforced Silicon Carbide Matrix Composite for Lightweight Armor Application / TM Lillo, HS Chu, DW Bailey, W M Harrison, D A Laughton -- Design and Manufacturing BC-SiC Layered Ceramics for Armor Applications / Nina Orlovskaya, J Adams, J Sankar, S Yarmolenko, M Lugovy, V Subbotin, O Rachenko, M Chheda, J Shih -- Improved Pressureless Densification of BC / Robert F Speyer, Hyukjae Lee -- Spinel Armor -- Clearly the Way to Go / Mark C L Patterson, Don W Roy, Gary Gilde -- Fracture Mechanism of Armor Ceramics and Composites. Controlled Explosive Indentation on Ceramics / Do Kyung Kim, Jong Ho Kim, Young-Gu Kim, Chul-Seung Lee, Dong-Teak Chung, Chang Wook Kim, Joon Hong Choi, Soon-Nam Chang -- Evidence of Ductile (Alumina) and Brittle (Boron Carbide) Response of Ceramics Under Shock Wave Loading / EB Zaretsky, VE Paris, AS Savinykh, GI Kanel -- Dynamc Failure and Fracture of the TiC-Steel Composite / E Zaretsky, N Frage, MP Dariel -- Ballistic Testing Study and Ballistic Performance of Ceramic Armor and Armor Systems. Failure of Projectile Impact Resistant Glass Panels / Richard C Bradt, Stanley E Jones, Mark E Barkey, Michael E Stevenson -- Penetration Analysis of Ceramic Armor Backed by Composite Materials / Moshe Ravid, Sidney Chocron, Sol R Bodner -- Resistance of Different Ceramic Materials to Penetration by a Tungsten Carbide Cored Projectile / C Roberson, P J Hazell -- Resistance of Silicon Carbide to Penetration by a Tungsten Carbide Cored Projectile / C Roberson, P J Hazell -- An Investigation into Fragmenting the 14.5 mm BS41 Armour Piercing Round by Varying a Confined Ceramic Target Setup / N J Woolmore, P J Hazell, TP Stuart -- Keyword and Author Index. 
504 |a Includes bibliographical references and index. 
505 0 |a Ceramic armor materials development -- Fracture mechanism of armor ceramics and composites -- Ballistic testing study and ballistic performance of ceramic armor and armor systems. 
588 0 |a Print version record. 
520 |a This volume includes the latest achievements in the area of ceramic armor systems including ceramic armor design and modeling, ceramic armor materials and composites development and manufacturing, physical properties and structures of armor ceramics, fracture mechanisms of armor ceramics and composites, and ballistic testing and performance of ceramic armor systems. 
546 |a English. 
650 0 |a Ceramic materials  |v Congresses. 
650 0 |a Armor-plate  |x Materials  |v Congresses. 
655 4 |a Electronic books. 
700 1 |a Medvedovski, Eugene. 
711 2 |a Ceramic Armor and Armor Systems Symposium  |d (2003 :  |c Nashville, Tenn.) 
711 2 |a American Ceramic Society Meeting  |n (105th :  |d 2003 :  |c Nashville, Tenn.) 
776 0 |z 1118406796 
776 0 |z 111840680X 
776 0 |z 9781118406793 
776 0 |z 9781118406809 
830 0 |a Ceramic transactions ;  |v v. 151. 
856 4 0 |u http://proxy.library.tamu.edu/login?url=https://onlinelibrary.wiley.com/book/10.1002/9781118406793  |z Connect to the full text of this electronic book  |t 0 
955 |a Wiley EBA record 
975 |p Wiley UBCM Full Collection 2026 
999 f f |s ac6546a6-6047-4ba2-81b9-7c6a4f13ed35  |i e4f2b5ea-b9f5-4204-ab03-eb136a73fc56  |t 0 
952 f f |a Texas A&M University  |b College Station  |c Electronic Resources  |s evans_pda  |d Available Online  |t 0  |e TA455.C43 C33 2003  |h Library of Congress classification 
998 f f |a TA455.C43 C33 2003  |t 0  |l Available Online